Countries part of Spanish Empire - Statistics

General Stats
  • This quiz has been taken 37 times
  • The average score is 13 of 15
Answer Stats
Picture Answer % Correct
Chile
96%
Mexico
96%
Argentina
92%
Colombia
92%
Cuba
92%
Dominican Republic
92%
Ecuador
92%
Venezuela
92%
Costa Rica
88%
Panama
88%
Peru
88%
Philippines
88%
Belize
83%
Nicaragua
75%
Florida
67%
No matching quizzes found
Score Distribution
Percent of People with Each Score
Percentile by Number Answered
Your Score History
You have not taken this quiz